000 00687nam a2200265Ia 4500
001 9511
005 20240113234212.0
007 ta
008 050726s1955 g b000 u asm u
040 _aCotton College,Assam
041 _aasm
082 _a891.4113
_bSa 74 G
100 _aSharma, Satyendra Nath .
245 0 _aGeet Govinda /
_cSatyendra Nath Sharma.
_hTextual Documents
250 _a1st ed. /
260 _aGuwahati :
_bLawyer`s Book Stall ,
_c1955.
300 _a83p. ;
_c18cm.
653 _aAssamese Poetry-Religion
653 _aMS-Assamese
653 _aG-Assamese
942 _2ddc
_cBK
999 _c9498
_d9498